[Event "Alcorcon Diagonal op 2nd"]
[Site "Alcorcon"]
[Date "2023.12.27"]
[Round "3"]
[White "Vinas Blasco, Miguel"]
[Black "Blanco Barrios, Aitana"]
[Result "0-1"]
[WhiteElo "1184"]
[BlackElo "1575"]
[PlyCount "106"]
[EventDate "2023.12.26"]
[EventType "swiss"]
[EventRounds "9"]
[EventCountry "ESP"]
[SourceTitle "CB01_2024"]
[SourceDate "2024.01.03"]
[SourceVersion "1"]
[SourceVersionDate "2024.01.03"]
[SourceQuality "1"]

1. e4 e5 2. Nf3 Nc6 3. Nc3 Nf6 4. Bb5 Bc5 5. Nxe5 Nxe5 6. d4 Bb4 7. dxe5 Bxc3+ 8. bxc3 c6 9. Bg5 cxb5 10. Qf3 h6 11. Bxf6 gxf6 12. exf6 d6 13. 0-0 Rg8 14. Rad1 Bg4 15. Qf4 Bxd1 16. Rxd1 Rg5 17. Rxd6 Qc8 18. Qd2 Kf8 19. f4 Rg8 20. Rd7 Rg6 21. Qd6+ Kg8 22. f5 Rg4 23. Qe7 Qe8 24. Rd4 Qxe7 25. fxe7 Kh7 26. Rd8 Rg8 27. Rd6 Rac8 28. Rd3 Rge8 29. f6 Kg6 30. Rf3 Rc6 31. e5 Rc5 32. e6 Re5 33. exf7 Kxf7 34. Kf2 Re6 35. g4 Rxf6 36. Rxf6+ Kxf6 37. h4 Rxe7 38. Kf3 Rc7 39. Kf4 Rc4+ 40. Kg3 Rxc3+ 41. Kf4 Rc4+ 42. Kg3 Rxc2 43. Kf4 Rxa2 44. g5+ hxg5+ 45. hxg5+ Kg6 46. Kg4 Ra4+ 47. Kf3 Kxg5 48. Ke3 Rc4 49. Kd3 Rc6 50. Kd4 b4 51. Ke3 b3 52. Kf3 b2 53. Ke3 b1R 0-1